LEADER 02306nam0 2200469 i 450 001 RAV0207452 005 20251003044327.0 010 $a8806130099 020 $aIT$b93-4408 100 $a19940405d1992 ||||0itac50 ba 101 | $aita 102 $ait 181 1$6z01$ai $bxxxe 182 1$6z01$an 200 1 $aUomini senza padrone$epoveri e marginali tra Medioevo e età moderna$fBronislaw Geremek 210 $aTorino$cEinaudi$d[1992] 215 $aXIV, 298 p.$d21 cm 225 | $aBiblioteca di cultura storica$v194 300 $aScritti già pubbl 300 $aTrad. di Claudio Rosso. 314 $aSC/ 07/11/03$9CFIV018128 410 0$1001CFI0014683$12001 $aBiblioteca di cultura storica$v194 606 $aPoveri$xEuropa$xSec. 12.-18.$2FIR$3CFIC010214$9I 676 $a305.5$9CLASSI SOCIALI.$v12 676 $a305.568094$9CLASSI EMARGINATE ED ESCLUSE. Europa$v23 676 $a305.569094$9CLASSI SOCIALI INFERIORI. PERSONE RIDOTTE IN POVERTA. EUROPA$v19 676 $a362.5094$9PROBLEMI SOCIALI E SERVIZI PER I POVERI IN EUROPA$v20 696 $aBisognosi$aIndigenti 699 $aPoveri$yBisognosi 699 $aPoveri$yIndigenti 700 1$aGeremek$b, Bronis?aw$3CFIV018128$4070$0285014 801 3$aIT$bIT-000000$c19940405 850 $aIT-BN0095 $aIT-AV0003 $aIT-NA0079 $aIT-NA0070 $aIT-CE0127 $aIT-NA0452 901 $bNAP IS$cISEM $nSezione di storia economica dell'ex Istituto di storia economica del Mezzogiorno 901 $bNAP 01$cPOZZO LIB.$nVi sono collocati fondi di economia, periodici di ingegneria e scienze, periodici di economia e statistica e altri fondi comprendenti documenti di economia pervenuti in dono. 901 $bNAP AR$cP. CICCONE$nDONAZIONE 901 $bNAP CT$cSEZ.GEN. $n$ 912 $aRAV0207452 950 0$aBiblioteca Centralizzata di Ateneo$c1 v.$d 01POZZO LIB.ECON MON 6567$e 0101 0700149675E VMA 1 v.$fB $h20220718$i20220718$c1 v.$d 01POZZO LIB.ECON MON 6567$e 0101 0700197225E VMA (bis 1 v. (Precedente collocazione 19 Ec 722)$fB $h20220727$i20220727 977 $a 01$a AR$a BN$a BU$a CT$a IS 996 $aUomini senza padrone$9568479 997 $aUNISANNIO